<?xml version="1.0" encoding="UTF-8"?><?xml-stylesheet type="text/xsl" href="static/style.xsl"?><OAI-PMH xmlns="http://www.openarchives.org/OAI/2.0/" xmlns:xsi="http://www.w3.org/2001/XMLSchema-instance" xsi:schemaLocation="http://www.openarchives.org/OAI/2.0/ http://www.openarchives.org/OAI/2.0/OAI-PMH.xsd"><responseDate>2026-04-27T19:47:44Z</responseDate><request verb="GetRecord" identifier="oai:uvadoc.uva.es:10324/4197" metadataPrefix="marc">https://uvadoc.uva.es/oai/request</request><GetRecord><record><header><identifier>oai:uvadoc.uva.es:10324/4197</identifier><datestamp>2025-02-13T12:56:58Z</datestamp><setSpec>com_10324_30605</setSpec><setSpec>com_10324_894</setSpec><setSpec>col_10324_41</setSpec></header><metadata><record xmlns="http://www.loc.gov/MARC21/slim" xmlns:doc="http://www.lyncode.com/xoai" xmlns:xsi="http://www.w3.org/2001/XMLSchema-instance" xmlns:dcterms="http://purl.org/dc/terms/" xsi:schemaLocation="http://www.loc.gov/MARC21/slim http://www.loc.gov/standards/marcxml/schema/MARC21slim.xsd">
<leader>00925njm 22002777a 4500</leader>
<datafield tag="042" ind1=" " ind2=" ">
<subfield code="a">dc</subfield>
</datafield>
<datafield tag="720" ind1=" " ind2=" ">
<subfield code="a">Sierra Morillo, Valeriano</subfield>
<subfield code="e">author</subfield>
</datafield>
<datafield tag="260" ind1=" " ind2=" ">
<subfield code="c">2013</subfield>
</datafield>
<datafield tag="520" ind1=" " ind2=" ">
<subfield code="a">La tesis analiza, a través de la obra de Boullée, Ledoux y Piranesi principalmentalmente, las alternativas a la sustitución del desacreditado lenguaje clasicista puesto en crisis a finales del siglo XVII y los primeros indicios de su sustitución por un lenguaje objetivo basado en los principios de la construcción. Estas pioneras intuiciones se manifiestan sobre todo en las obras más utópicas de los arquitectos dieciochescos, recogidas en sus colecciones de dibujos, grabados o tratados-memoria y constituyen los primeros intentos de creación de un lenguaje alternativo al clásico que tendrán su culminación, dos siglos después, en la obra europea de Mies van der Rohe. La tesis establece un paralelismo entre la trayectoria de los arquitectos ilustrados a través del siglo XVIII y la de Mies en los primeros veinte años de su producción, antes de emigrar a los Estados Unidos</subfield>
</datafield>
<datafield tag="024" ind2=" " ind1="8">
<subfield code="a">http://uvadoc.uva.es/handle/10324/4197</subfield>
</datafield>
<datafield tag="024" ind2=" " ind1="8">
<subfield code="a">b1665752</subfield>
</datafield>
<datafield tag="024" ind2=" " ind1="8">
<subfield code="a">10.35376/10324/4197</subfield>
</datafield>
<datafield ind1=" " ind2=" " tag="653">
<subfield code="a">Boullée, Etienne-Louis (1728-1799)-Crítica e interpretación</subfield>
</datafield>
<datafield ind1=" " ind2=" " tag="653">
<subfield code="a">Ledoux, Claude Nicolás (1736-1806)-Crítica e interpretación</subfield>
</datafield>
<datafield ind1=" " ind2=" " tag="653">
<subfield code="a">Lequeu, Jean Jacques (1757-1825?)-Crítica e interpretación</subfield>
</datafield>
<datafield ind1=" " ind2=" " tag="653">
<subfield code="a">Piranesi, Giovanni Battista (1720-1778)-Crítica e interpretación</subfield>
</datafield>
<datafield ind1=" " ind2=" " tag="653">
<subfield code="a">Arquitectura fantástica-Siglo XVIII-Influencia-Mies Van der Rohe, Ludwig (1886-1969)</subfield>
</datafield>
<datafield ind1=" " ind2=" " tag="653">
<subfield code="a">Mies Van der Rohe, Ludwig (1886-1969)-Crítica e interpretación</subfield>
</datafield>
<datafield tag="245" ind1="0" ind2="0">
<subfield code="a">La construcción como lenguaje: antecedentes ilustrados en el paradigma constructivo miesiano</subfield>
</datafield>
</record></metadata></record></GetRecord></OAI-PMH>